LEADER 00967nam0-2200349---450- 001 990009221460403321 005 20100930084127.0 010 $a978-88-420-7761-9 035 $a000922146 035 $aFED01000922146 035 $a(Aleph)000922146FED01 035 $a000922146 100 $a20100914d2009----km-y0itay50------ba 101 1 $aita 102 $aIT 105 $ay-------001yy 200 1 $a<>mente a più dimensioni$fJerome Bruner 205 $a2. ed 210 $aRoma ; Bari$cLaterza$d2009 215 $aXV, 235 p.$d21 cm 225 1 $aEconomica Laterza$v374 300 $aTraduzione di Rodolfo Rini 610 0 $aPsicologia$aSaggi 676 $a153.35$v21$zita 700 1$aBruner,$bJerome Seymour$f<1915- >$045385 801 0$aIT$bUNINA$gREICAT$2UNIMARC 901 $aBK 912 $a990009221460403321 952 $aCollez. 1623 (374)$b44197$fFSPBC 959 $aFSPBC 996 $aMente a più dimensioni$9212891 997 $aUNINA LEADER 01751nam a2200325 i 4500 001 991000715479707536 008 891003s1988 enka b 100 0 eng 020 $a1851662413 035 $ab13262099-39ule_inst 040 $aDip.to Biologia$beng 082 04$a661.802$219 245 00$aTreatment of lignocellulosics with white rot fungi :$bproceedings of a workshop held in Braunschweig (Federal Republic of Germany) from 21 to 23 October 1986 under the auspices of COST ... /$cedited by F. Zadrazil, P. Reiniger 260 $aLondon ;$aNew York :$bElsevier Applied Science :$bSole distributor in the USA and Canada, Elsevier Science Pub. Co.,$cc1988 300 $avi, 122 p. :$bill. ;$c25 cm 500 $a"Proceedings of a workshop held in Braunschweig (Federal Republic of Germany) from 21 to 23 October 1986 under the auspices of COST (European Cooperation in Scientific and Technical Research) ... ."-- p. [ii] 504 $aIncludes bibliographical references 650 0$aLignocellulose$xBiotechnology$xCongresses 650 0$aLignocellulose$xBiodegradation$xCongresses 650 0$aFungi$xBiotechnology$xCongresses 700 1 $aZadraézil, F. 700 1 $aReiniger, P. 710 2 $aCommission of the European Communities. 710 2 $aCommission of the European Communities 710 2 $aEuropean Cooperation in the Field of Scientific and Technical Research (Organization) 907 $a.b13262099$b02-04-14$c21-12-04 912 $a991000715479707536 945 $aLE003 661 ZAD01.01 (1986)$g1$i2003000099317$lle003$o-$pE0.00$q-$rl$s- $t0$u0$v0$w0$x0$y.i13971554$z21-12-04 996 $aTreatment of lignocellulosics with white rot fungi$91106221 997 $aUNISALENTO 998 $ale003$b21-12-04$cm$da $e-$feng$genk$h0$i0 LEADER 01749oam 2200517M 450 001 9910716337503321 005 20200213070617.1 035 $a(CKB)5470000002520762 035 $a(OCoLC)1065983269 035 $a(OCoLC)995470000002520762 035 $a(EXLCZ)995470000002520762 100 $a20071213d1926 ua 0 101 0 $aeng 135 $aurcn||||||||| 181 $ctxt$2rdacontent 182 $cc$2rdamedia 183 $acr$2rdacarrier 200 10$aGeorge G. Seibels. March 13, 1926. -- Committed to the Committee of the Whole House and ordered to be printed 210 1$a[Washington, D.C.] :$c[U.S. Government Printing Office],$d1926. 215 $a1 online resource (6 pages) 225 1 $aHouse report / 69th Congress, 1st session. House ;$vno. 543 225 1 $a[United States congressional serial set ] ;$v[serial no. 8536] 300 $aBatch processed record: Metadata reviewed, not verified. Some fields updated by batch processes. 300 $aFDLP item number not assigned. 606 $aClaims 606 $aLegislative amendments 606 $aBrokers 606 $aTheft 606 $aNavies$xOfficers 608 $aLegislative materials.$2lcgft 615 0$aClaims. 615 0$aLegislative amendments. 615 0$aBrokers. 615 0$aTheft. 615 0$aNavies$xOfficers. 701 $aJohnson$b William Richard$f1875-1938$pRepublican (IL)$01398837 801 0$bWYU 801 1$bWYU 801 2$bOCLCO 801 2$bOCLCQ 801 2$bOCLCO 801 2$bOCLCQ 906 $aBOOK 912 $a9910716337503321 996 $aGeorge G. Seibels. March 13, 1926. -- Committed to the Committee of the Whole House and ordered to be printed$93462897 997 $aUNINA